00828nam a2200205 a 450000100100000000500170001000800410002702000150006804000250008308200190010810000260012724501050015326000700025830000280032850000220035650400730037870000370045195201170048899900170060500004252320201002040218.0131210s1998 mx a 001 0 spa d a9681657217 aDO-SdBNPbspacBNPHU axxxxxxbxxxxxx1 aPrieto, Carlos96974114aLas Aventuras de un Violonchelo :bhistorias y memorias /cCarlos Prieto ; prólogo Álvaro Mutis. aMéxico, :bConsejo nacional para la cultura y las artes,c1998. a448 p. :bil. ;c21 cm. aIncluye índices aIncluye referencias bibliográficas y notas al pie de las páginas1 aMutis, Álvaro,epról.922796 001050718MOaGRbGRcHDd2013-12-10iLF1l0oxxxxxx xxxxxxp42523-10r2020-06-25w2020-06-25y1ZNo se presta c42012d42012